Estadísticas para Antidepresivos

Haz click aquí para intentar la prueba.

Estadísticas generales

  • Esta prueba ha sido intentada 4 veces
  • La puntuación promedio es 5 de 23

Estadísticas de respuestas

Respuesta% Correcto
Citalopram
67%
Fluoxetina
67%
Amitriptilina
33%
Bupropion
33%
Duloxetina
33%
Escitalopram
33%
Fenelzina
33%
Fluvoxamina
33%
Mirtazapina
33%
Paroxetina
33%
Reboxetina
33%
Sertralina
33%
Venlafaxina
33%
Vortioxetina
33%
Clomipramina
0%
Desvenlafaxina
0%
Tranilcipromina
0%
Imipramina
0%
Maprotilina
0%
Mianserina
0%
Moclobemida
0%
Nortriptilina
0%
Trimipramina
0%

Distribución de puntuación

Porcentaje por número respondido

Porcentaje de gente con cada puntuación

Historial de tus puntuaciones

No has intentado esta prueba.